| 000 | 00496pab a2200157 454500 | ||
|---|---|---|---|
| 008 | 180718b1989 xxu||||| |||| 00| 0 eng d | ||
| 100 | _aLyons, W.E. | ||
| 245 |
_aGovernment fragmentation versus consolidation _bFive public - choice muths about how to create informed, involved, and happy citizens |
||
| 260 | _c1989 | ||
| 300 | _a533-43 | ||
| 362 | _aNov.-Oct. | ||
| 650 | _aMunicipal Government - U.S.A. | ||
| 700 | _aDavid Lowery | ||
| 773 | _aPublic Administration Review | ||
| 909 | _a14239 | ||
| 999 |
_c14239 _d14239 |
||